[Event "Eastern Asia-ch U14"]
[Site "Tornelo INT"]
[Date "2021.10.30"]
[Round "5"]
[White "Bharath, Subramaniyam H"]
[Black "Shubh, Kapur"]
[Result "1-0"]
[WhiteElo "2165"]
[BlackElo "1339"]
[PlyCount "67"]
[EventDate "2021.10.29"]
[EventType "swiss"]
[EventRounds "9"]
[EventCountry "NET"]
[SourceTitle "EXT 2023"]
[Source "ChessBase"]
[SourceDate "2022.10.05"]
[SourceVersion "1"]
[SourceVersionDate "2022.10.05"]
[SourceQuality "1"]

1. b3 d5 2. Bb2 Nd7 3. Nf3 Ngf6 4. e3 e6 5. c4 b6 6. Be2 Bb7 7. cxd5 exd5 8. d4 Bd6 9. Nc3 0-0 10. 0-0 Ne4 11. Nxe4 dxe4 12. Nd2 f5 13. Nc4 Nf6 14. Nxd6 cxd6 15. Rc1 Qd7 16. d5 Rac8 17. Qd2 Kh8 18. Rxc8 Qxc8 19. Bc4 Qd7 20. a4 a6 21. Rc1 Ng4 22. Qd4 b5 23. axb5 axb5 24. Bxb5 Qe7 25. Be2 Ne5 26. Ba3 h6 27. Qb6 Bxd5 28. Qxd6 Qxd6 29. Bxd6 Re8 30. Bxe5 Rxe5 31. Rc5 f4 32. exf4 Rf5 33. g4 Rxf4 34. Rxd5 1-0

[Event "Eastern Asia-ch U14"]
[Site "Tornelo INT"]
[Date "2021.10.30"]
[Round "4"]
[White "Shubh, Kapur"]
[Black "Arado, Fletch Archer"]
[Result "1-0"]
[WhiteElo "1339"]
[BlackElo "1691"]
[PlyCount "59"]
[EventDate "2021.10.29"]
[EventType "swiss"]
[EventRounds "9"]
[EventCountry "NET"]
[SourceTitle "EXT 2023"]
[Source "ChessBase"]
[SourceDate "2022.10.05"]
[SourceVersion "1"]
[SourceVersionDate "2022.10.05"]
[SourceQuality "1"]

1. d4 Nf6 2. c4 c5 3. d5 b5 4. cxb5 a6 5. bxa6 g6 6. Nc3 Bg7 7. g3 0-0 8. Bg2 d6 9. Nf3 Nxa6 10. 0-0 Bf5 11. Nh4 Bd7 12. Nf3 Qb6 13. Nd2 Nb4 14. a3 Rfb8 15. Rb1 Na6 16. Nc4 Qb3 17. Qxb3 Rxb3 18. Na5 Rb6 19. Bd2 Rab8 20. b3 Nc7 21. Rfc1 h5 22. h4 Ng4 23. Nc6 Bxc6 24. dxc6 Rxb3 25. Rxb3 Rxb3 26. Nd5 Nxd5 27. Bxd5 Rb8 28. c7 Rc8 29. Ba5 Bb2 30. Rb1 1-0

[Event "Eastern Asia-ch U14"]
[Site "Tornelo INT"]
[Date "2021.10.30"]
[Round "6"]
[White "Shubh, Kapur"]
[Black "Dang, Anh Minh"]
[Result "1/2-1/2"]
[WhiteElo "1339"]
[BlackElo "1765"]
[PlyCount "75"]
[EventDate "2021.10.29"]
[EventType "swiss"]
[EventRounds "9"]
[EventCountry "NET"]
[SourceTitle "EXT 2023"]
[Source "ChessBase"]
[SourceDate "2022.10.05"]
[SourceVersion "1"]
[SourceVersionDate "2022.10.05"]
[SourceQuality "1"]

1. d4 Nf6 2. c4 e6 3. Nc3 Bb4 4. e3 0-0 5. Nf3 b6 6. Bd2 Bb7 7. Bd3 d6 8. 0-0 Nbd7 9. a3 Bxc3 10. Bxc3 Ne4 11. Rc1 Nxc3 12. bxc3 f5 13. Qe2 e5 14. e4 f4 15. Rfd1 Qe7 16. Rb1 c5 17. d5 Kh8 18. a4 Bc8 19. h3 Nf6 20. Nh2 Bd7 21. a5 Rfb8 22. axb6 axb6 23. Rd2 Ra3 24. Rdb2 Qd8 25. Rb3 Rxb3 26. Rxb3 Ra8 27. Qb2 Ra6 28. Nf3 h6 29. Ra3 Qa8 30. Rxa6 Qxa6 31. Nh4 Kh7 32. Nf5 Bxf5 33. exf5 Kh8 34. f3 Nxd5 35. cxd5 Qxd3 36. Qxb6 Qxd5 37. Qd8+ Kh7 38. Qe8 1/2-1/2

[Event "Eastern Asia-ch U14"]
[Site "Tornelo INT"]
[Date "2021.10.29"]
[Round "3"]
[White "Vrashank, Chouhan"]
[Black "Shubh, Kapur"]
[Result "0-1"]
[WhiteElo "1536"]
[BlackElo "1339"]
[PlyCount "58"]
[EventDate "2021.10.29"]
[EventType "swiss"]
[EventRounds "9"]
[EventCountry "NET"]
[SourceTitle "EXT 2023"]
[Source "ChessBase"]
[SourceDate "2022.10.05"]
[SourceVersion "1"]
[SourceVersionDate "2022.10.05"]
[SourceQuality "1"]

1. d4 Nf6 2. Bf4 e6 3. e3 c5 4. Nf3 Nc6 5. Nbd2 Nh5 6. Bg3 Be7 7. c3 d5 8. Bd3 0-0 9. Ne5 Nf6 10. h4 Qb6 11. Rb1 Nd7 12. h5 Ncxe5 13. dxe5 Qc6 14. Bf4 c4 15. Bc2 Qc7 16. Nf3 b5 17. Rh3 Bb7 18. Rg3 Kh8 19. Ng5 h6 20. Nh7 Rg8 21. Nf6 gxf6 22. exf6 Bd6 23. Bxh6 Bxg3 24. Bg7+ Rxg7 25. fxg7+ Kg8 26. h6 Nf6 27. Qf3 Be5 28. h7+ Nxh7 29. Qh5 f5 0-1

[Event "Putrajaya op 1st"]
[Site "Putrajaya"]
[Date "2019.01.20"]
[Round "6"]
[White "Shubh, Kapur"]
[Black "Lubis, Endar Sakti"]
[Result "1-0"]
[WhiteElo "1674"]
[BlackElo "2184"]
[PlyCount "72"]
[EventDate "2019.01.19"]
[EventType "swiss"]
[EventRounds "8"]
[EventCountry "MAS"]
[SourceTitle "CBM 188 Extra"]
[Source "ChessBase"]
[SourceDate "2019.02.26"]
[SourceVersion "1"]
[SourceVersionDate "2019.02.26"]
[SourceQuality "1"]

1. d4 Nf6 2. c4 g6 3. Nc3 Bg7 4. e4 d6 5. Nf3 0-0 6. Be2 e5 7. 0-0 Nc6 8. d5 Ne7 9. b4 Ne8 10. g3 h6 11. a4 f5 12. Ba3 fxe4 13. Nxe4 Bf5 14. Nfd2 Bxe4 15. Nxe4 Nf6 16. Bf3 Nf5 17. c5 Nd4 18. Bg2 Nxe4 19. Bxe4 Qf6 20. Rc1 Rf7 21. b5 Rd8 22. h4 h5 23. Qd3 g5 24. Bg6 Re7 25. hxg5 Qxg5 26. Bh7+ Kh8 27. cxd6 cxd6 28. Bxd6 Rf7 29. Rc7 Rf3 30. Be7 Qg4 31. Qg6 Qh3 32. Re1 Rf6 33. Qxf6 Kxh7 34. Bxd8 Kh8 35. Be7 Kh7 36. Qg6+ Kh8 1-0

[Event "Penang op 10th"]
[Site "Penang"]
[Date "2018.12.06"]
[Round "6"]
[White "Shubh, Kapur"]
[Black "Poh, Yu Tian"]
[Result "1/2-1/2"]
[WhiteElo "1579"]
[BlackElo "1777"]
[PlyCount "86"]
[EventDate "2018.12.03"]
[EventType "swiss"]
[EventRounds "9"]
[EventCountry "MAS"]
[SourceTitle "CBM 187 Extra"]
[Source "ChessBase"]
[SourceDate "2018.11.04"]
[SourceVersion "1"]
[SourceVersionDate "2018.11.04"]
[SourceQuality "1"]

1. d4 Nf6 2. c4 g6 3. Nc3 d5 4. Nf3 Bg7 5. e3 dxc4 6. Bxc4 0-0 7. e4 c6 8. Be2 Nbd7 9. Bg5 Nb6 10. Qb3 Be6 11. Qc2 Rc8 12. 0-0 h6 13. Bh4 Nh5 14. Rad1 Nf4 15. Bg3 Nxe2+ 16. Nxe2 Bg4 17. Ne5 Bxe2 18. Qxe2 Nd7 19. Nxd7 Qxd7 20. d5 cxd5 21. Rxd5 Qc6 22. b3 Rfd8 23. h3 e6 24. Rxd8+ Rxd8 25. Qe3 Rd4 26. Rc1 Qa6 27. Rc8+ Kh7 28. Rc7 Rd1+ 29. Kh2 Qf1 30. Bf4 e5 31. Rxf7 Qg1+ 32. Kg3 exf4+ 33. Qxf4 Rd3+ 34. f3 b5 35. Qf6 Rxf3+ 36. Qxf3 Kg8 37. Rxg7+ Kxg7 38. Qf2 Qb1 39. Qxa7+ Kf6 40. Qb6+ Ke5 41. Qxg6 Qxa2 42. Qf5+ Kd4 43. Qxb5 Ke3 1/2-1/2

[Event "Penang op 10th"]
[Site "Penang"]
[Date "2018.12.05"]
[Round "4"]
[White "Shubh, Kapur"]
[Black "Wong, Zhenyong Jayden"]
[Result "1/2-1/2"]
[WhiteElo "1579"]
[BlackElo "1830"]
[PlyCount "66"]
[EventDate "2018.12.03"]
[EventType "swiss"]
[EventRounds "9"]
[EventCountry "MAS"]
[SourceTitle "CBM 187 Extra"]
[Source "ChessBase"]
[SourceDate "2018.11.04"]
[SourceVersion "1"]
[SourceVersionDate "2018.11.04"]
[SourceQuality "1"]

1. d4 Nf6 2. c4 e6 3. Nc3 Bb4 4. e3 b6 5. Nf3 Bb7 6. Bd2 0-0 7. Bd3 c5 8. 0-0 cxd4 9. exd4 Be7 10. Qe2 d6 11. Rad1 Nbd7 12. Rfe1 Re8 13. b4 Qc7 14. Rc1 Rac8 15. Bf4 Qb8 16. Ne4 e5 17. Nxf6+ Bxf6 18. dxe5 Nxe5 19. Nxe5 dxe5 20. Bg3 Qd6 21. Bf5 Rcd8 22. c5 Qd5 23. Be4 Qxe4 24. Qxe4 Bxe4 25. Rxe4 Bg5 26. Rb1 bxc5 27. bxc5 Rb8 28. Rxb8 Rxb8 29. h4 Bf6 30. Bxe5 Re8 31. c6 Bxe5 32. c7 Rc8 33. Rxe5 Kf8 1/2-1/2